000
00233 a2200097 4500
001
47349
100
_a
Rosner G
245
_a
The united nations emergency force
260
_a
New York
_b
Columbia university
_c
090
_c
30384
_d
30384
942
_a
NUST-CAE
_c
M
_c
22652
999
_c
282422
_d
282422